The Wisconsin papyri /

محفوظ في:

المؤلف الرئيسي: Sijpesteijn, P. J. (مؤلف)

مؤلف مشترك: University of Wisconsin. Library.

التنسيق: كتاب

اللغة: English

منشور في: Leiden : Brill, 1967-

سلاسل: Papyrologica Lugduno-Batava ( Leyde ) ; 16.
P.L.Bat ; 16.

الموضوعات:

الوسوم: إضافة وسم

لا توجد وسوم, كن أول من يضع وسما على هذه التسجيلة!

رقم الطلب: PA3301 .P2 v.16

LEADER 00937nam a22003017a 4500
001 25517
003 OSt
005 20250922071820.0
008 250922s1967 ne a g 000 0 eng d
040 |c ARCE Library 
043 |a f-ua--- 
050 1 4 |a PA3301   |b .P2 v.16 
100 1 |a Sijpesteijn, P. J.,  |e author 
245 1 4 |a The Wisconsin papyri /   |c P. J. Sijpesteijn. 
264 1 |a Leiden :   |b Brill,   |c 1967- 
300 |a 151 pages :  |b illustrations ;  |c 29 cm. 
490 1 |a Papyrologica Lugduno-Batava ( Leyde ) ;   |v 16. 
490 1 |a P.L.Bat ;   |v 16. 
504 |a Includes bibliographical references and indexes. 
546 |a English and/or Greek. 
650 0 |a Manuscripts, Greek (Papyri) 
650 0 |a Manuscripts, Latin (Papyri) 
710 2 |a University of Wisconsin.   |b Library. 
830 0 |a Papyrologica Lugduno-Batava ( Leyde ) ;   |v 16. 
830 0 |a P.L.Bat ;   |v 16. 
901 |a reviewed 
942 |c BK  |2 lcc 
999 |c 22244  |d 22244